Under the sun
Chronicles the harrowing journey of Ehmet, a thirteen-year-old boy from Sarajevo who gets caught up in the ethnic conflicts in the former Yugoslavia. Separated from his parents by the Balkan war, 13-year-old Ehmet must use all his skills to survive a four-hundred-mile journey across wilderness and w...
Bewaard in:
| Hoofdauteur: | |
|---|---|
| Formaat: | Boek |
| Taal: | Undetermined |
| Gepubliceerd in: |
New York
Amulet Books
2006
|
| Onderwerpen: | |
| Tags: |
Voeg label toe
Geen labels, Wees de eerste die dit record labelt!
|
| Thư viện lưu trữ: | Trung tâm Học liệu Trường Đại học Cần Thơ |
|---|
| LEADER | 01122nam a2200193Ia 4500 | ||
|---|---|---|---|
| 001 | CTU_187074 | ||
| 008 | 210402s9999 xx 000 0 und d | ||
| 082 | |a 813.6 | ||
| 082 | |b D716 | ||
| 100 | |a Dorros, Arthur | ||
| 245 | 0 | |a Under the sun | |
| 245 | 0 | |c Arthur Dorros | |
| 260 | |a New York | ||
| 260 | |b Amulet Books | ||
| 260 | |c 2006 | ||
| 520 | |a Chronicles the harrowing journey of Ehmet, a thirteen-year-old boy from Sarajevo who gets caught up in the ethnic conflicts in the former Yugoslavia. Separated from his parents by the Balkan war, 13-year-old Ehmet must use all his skills to survive a four-hundred-mile journey across wilderness and war-torn landscape to find a place he's only heard rumors of, a village of children living cooperatively and peacefully away from the violence that is tearing their country apart. He makes shelters, tracks animals, fishes with a thorn, whittles a toothbrush, and collects wild mushrooms when there's no other food. | ||
| 650 | |a Yugoslav War, 1991-1995,Chiến tranh Yugoslav, 1991-1995 | ||
| 904 | |i Giang | ||
| 980 | |a Trung tâm Học liệu Trường Đại học Cần Thơ | ||